Разработка методов оценки технологического процесса пропитки обмоток асинхронных электродвигателей: диссертация на соискание ученой степени кандидата технических наук; спец. 05.09.01

Dades bibliogràfiques
Autor principal: Дудкин А. Н. Анатолий Николаевич
Autor corporatiu: Томский политехнический институт (ТПИ)
Altres autors: Похолков Ю. П. Юрий Петрович (научный руководитель)
Idioma:rus
Publicat: Томск, [Б. и.], 1980
Matèries:
Format: Llibre
KOHA link:https://koha.lib.tpu.ru/cgi-bin/koha/opac-detail.pl?biblionumber=339067

MARC

LEADER 00000nbm0a2200000 4500
001 339067
005 20231102005117.0
035 |a (RuTPU)RU\TPU\book\365573 
090 |a 339067 
100 |a 20171211d1980 k y0rusy50 ca 
101 0 |a rus 
102 |a RU 
105 |a a m 001zy 
200 1 |a Разработка методов оценки технологического процесса пропитки обмоток асинхронных электродвигателей  |e диссертация на соискание ученой степени кандидата технических наук  |e спец. 05.09.01  |f А. Н. Дудкин  |g Томский политехнический институт (ТПИ) ; науч. рук. Ю. П. Похолков 
210 |a Томск  |c [Б. и.]  |d 1980 
215 |a 208 л.  |c ил. 
320 |a Библиогр.: с. 151-166 (158 назв.) 
606 1 |a Электродвигатели асинхронные  |x Обмотка  |2 stltpush  |3 (RuTPU)RU\TPU\subj\19831  |9 44999 
610 1 |a пропитка 
610 1 |a технологические процессы 
610 1 |a оценка 
610 1 |a качество 
610 1 |a асинхронные двигатели 
610 1 |a пропиточные составы 
610 1 |a диссертации 
610 1 |a труды учёных ТПУ 
675 |a 621.313.333.04(04)  |v 4 
686 |a 05.09.01  |2 oksvnk 
700 1 |a Дудкин  |b А. Н.  |c специалист в области электротехники  |c доцент Томского политехнического университета, кандидат технических наук  |f 1945-  |g Анатолий Николаевич  |2 stltpush  |3 (RuTPU)RU\TPU\pers\27811 
702 1 |a Похолков  |b Ю. П.  |c специалист в области электротехники, доктор технических наук  |c ректор Томского политехнического университета (1990-2008), профессор  |f 1939-  |g Юрий Петрович  |2 stltpush  |3 (RuTPU)RU\TPU\pers\10508  |4 727 
712 0 2 |a Томский политехнический институт (ТПИ)  |c (1944-1991)  |2 stltpush  |3 (RuTPU)RU\TPU\col\1123 
801 1 |a RU  |b 63413507  |c 20171211 
801 2 |a RU  |b 63413507  |c 20171212  |g RCR 
942 |c BK